[Event "Copenhagen Chess Challenge 2013"]
[Site "Ballerup"]
[Date "2013.??.??"]
[Round "1"]
[White "Danielsen, Henrik"]
[Black "Rydstrom, Tom"]
[Result "1-0"]
[WhiteElo "2500"]
[BlackElo "2149"]
[PlyCount "95"]
[EventDate "2013.??.??"]
[EventType "swiss"]
[EventRounds "9"]
[EventCountry "DEN"]

1. Nf3 Nc6 2. e4 e5 3. c3 Nf6 4. d3 d5 5. Nbd2 Be7 6. b4 a6 7. Be2 O-O 8. O-O
Re8 9. Bb2 Bg4 10. h3 Bxf3 11. Bxf3 d4 12. cxd4 Nxd4 13. a3 c5 14. Bxd4 cxd4
15. Nc4 Bf8 16. Qd2 Rc8 17. Rfc1 b5 18. Na5 Qd7 19. Bd1 Bd6 20. Rxc8 Rxc8 21.
Rc1 Kf8 22. Bb3 Rxc1+ 23. Qxc1 Qc7 24. Nc6 Nd7 25. Qg5 Nf6 26. Bd5 h6 27. Qf5
Kg8 28. g4 Kf8 29. Kg2 Kg8 30. h4 Kf8 31. Kh3 Kg8 32. g5 hxg5 33. hxg5 Nxd5 34.
exd5 g6 35. Qf6 Qd7+ 36. Kh4 Qf5 37. f3 Qxf6 38. gxf6 Kf8 39. Kg5 Ke8 40. Kh6
Kd7 41. Kg7 Ke8 42. Kg8 g5 43. Kg7 e4 44. fxe4 g4 45. e5 g3 46. exd6 g2 47. d7+
Kxd7 48. Ne5+ 1-0

[Event "Copenhagen Chess Challenge 2013"]
[Site "Ballerup"]
[Date "2013.??.??"]
[Round "1"]
[White "Rhee, Alexander"]
[Black "Andersen, Mads"]
[Result "0-1"]
[WhiteElo "2147"]
[BlackElo "2484"]
[PlyCount "56"]
[EventDate "2013.??.??"]
[EventType "swiss"]
[EventRounds "9"]
[EventCountry "DEN"]

1. Nf3 c5 2. c4 Nc6 3. g3 g6 4. Nc3 Bg7 5. a3 e6 6. Rb1 d5 7. b4 cxb4 8. axb4
dxc4 9. b5 Na5 10. Bg2 e5 11. O-O Bf5 12. d3 cxd3 13. e4 Be6 14. Nd5 Ne7 15.
Ng5 Bxd5 16. exd5 Nc4 17. Qxd3 Nd6 18. Ba3 Nef5 19. Ne4 O-O 20. Bh3 Re8 21.
Bxf5 Nxf5 22. g4 Nd4 23. Nd6 e4 24. Qh3 Re5 25. Nxb7 Qxd5 26. Na5 Nf3+ 27. Kh1
Nd2 28. Rfd1 e3+ 0-1

[Event "Copenhagen Chess Challenge 2013"]
[Site "Ballerup"]
[Date "2013.??.??"]
[Round "1"]
[White "Brynell, Stellan"]
[Black "Hagen, Anders Gjerdrum"]
[Result "1-0"]
[WhiteElo "2478"]
[BlackElo "2134"]
[PlyCount "93"]
[EventDate "2013.??.??"]
[EventType "swiss"]
[EventRounds "9"]
[EventCountry "DEN"]

1. d4 Nf6 2. c4 e6 3. Nf3 d5 4. Nc3 c6 5. Bg5 h6 6. Bxf6 Qxf6 7. g3 Be7 8. Bg2
O-O 9. O-O Nd7 10. Rc1 Qg6 11. e3 Bf6 12. Nd2 b6 13. Qa4 b5 14. cxb5 c5 15.
Nde4 Nb6 16. Nxf6+ Qxf6 17. Qd1 cxd4 18. Qxd4 Qxd4 19. exd4 Bd7 20. Rfd1 Nc4
21. Rc2 Rfc8 22. Rdc1 Nd6 23. a4 Nf5 24. Ne2 Rcb8 25. Bh3 Nd6 26. Nc3 a6 27.
Nxd5 axb5 28. Nc7 Rxa4 29. d5 Nf5 30. dxe6 Bxe6 31. Nxe6 fxe6 32. Rc7 Rf8 33.
Rb7 Rc4 34. Rd1 Rc2 35. Rdd7 Rc1+ 36. Bf1 h5 37. Kg2 Rf6 38. Bd3 Rc5 39. b4 Re5
40. Rxb5 Rxb5 41. Bxb5 Nh6 42. f3 Nf7 43. Ra7 Ng5 44. Be2 e5 45. Re7 Rb6 46.
Rxe5 Nf7 47. Bc4 1-0

[Event "Copenhagen Chess Challenge 2013"]
[Site "Ballerup"]
[Date "2013.??.??"]
[Round "1"]
[White "Percivaldi, Martin"]
[Black "Smith, Axel"]
[Result "0-1"]
[WhiteElo "2097"]
[BlackElo "2467"]
[PlyCount "122"]
[EventDate "2013.??.??"]
[EventType "swiss"]
[EventRounds "9"]
[EventCountry "DEN"]

1. d4 Nf6 2. c4 g6 3. g3 Bg7 4. Bg2 O-O 5. Nc3 d6 6. Nf3 Nbd7 7. O-O c6 8. e4
e5 9. h3 Qa5 10. Re1 exd4 11. Nxd4 Ne5 12. Bf1 Re8 13. Be3 c5 14. Nb3 Qb4 15.
a3 Qb6 16. Nd2 Be6 17. Qc2 Nc6 18. Nd5 Bxd5 19. exd5 Nd4 20. Bxd4 cxd4 21. Bd3
Rac8 22. Qb3 Qxb3 23. Nxb3 Nd7 24. Rxe8+ Rxe8 25. Rd1 Rc8 26. f4 h5 27. Kf2 Kf8
28. Rd2 Rc7 29. Rc2 b6 30. a4 Rb7 31. Rc1 Bf6 32. Re1 h4 33. g4 Nc5 34. Nxc5
bxc5 35. Rb1 Rb3 36. Ke2 g5 37. f5 Bd8 38. Kd2 Ba5+ 39. Kc2 Rb8 40. Be4 Kg7 41.
Rf1 Kf6 42. Rf3 Be1 43. b3 Bg3 44. Rf1 Re8 45. Kd3 Ke5 46. Bf3 Rb8 47. Bd1 Kf6
48. Rf3 Rb7 49. Rf1 Re7 50. Kd2 Bf4+ 51. Kc2 Re3 52. Rf3 Re1 53. Rd3 Rh1 54. b4
cxb4 55. a5 Be3 56. Rb3 Rxh3 57. Be2 Rh1 58. Rxb4 Rc1+ 59. Kb2 h3 60. Rb7 h2
61. Bf3 d3 0-1

[Event "Copenhagen Chess Challenge 2013"]
[Site "Ballerup"]
[Date "2013.??.??"]
[Round "1"]
[White "Semcesen, Daniel"]
[Black "Brekka, Hanus"]
[Result "1-0"]
[WhiteElo "2464"]
[BlackElo "2092"]
[PlyCount "81"]
[EventDate "2013.??.??"]
[EventType "swiss"]
[EventRounds "9"]
[EventCountry "DEN"]

1. d4 Nf6 2. c4 e6 3. Nc3 d5 4. cxd5 exd5 5. Bg5 Be7 6. e3 h6 7. Bh4 O-O 8. Bd3
c6 9. Qc2 Re8 10. Nge2 Ne4 11. Bxe7 Qxe7 12. O-O Nxc3 13. bxc3 Nd7 14. Rae1 Nf6
15. Nf4 Qd6 16. c4 dxc4 17. Bxc4 Nd5 18. Bxd5 cxd5 19. Rc1 g5 20. Ne2 Bg4 21.
Nc3 Rac8 22. Qb3 Be6 23. Qxb7 Qa3 24. Qb3 Qxb3 25. axb3 Rb8 26. Rb1 Rec8 27.
Na4 Bf5 28. Rb2 Rc2 29. Rxc2 Bxc2 30. Nc5 a5 31. h3 Rb5 32. Ra1 f5 33. Ra2 Bd1
34. Kf1 f4 35. exf4 gxf4 36. Ke1 Bh5 37. Kd2 Bg6 38. Kc3 f3 39. g3 h5 40. Ra1
Kf7 41. Re1 1-0

[Event "Copenhagen Chess Challenge 2013"]
[Site "Ballerup"]
[Date "2013.??.??"]
[Round "1"]
[White "Mikkelsen, Nikolaj"]
[Black "Haubro, Sigfred"]
[Result "1-0"]
[WhiteElo "2417"]
[BlackElo "2163"]
[PlyCount "91"]
[EventDate "2013.??.??"]
[EventType "swiss"]
[EventRounds "9"]
[EventCountry "DEN"]

1. e4 d5 2. exd5 Qxd5 3. Nc3 Qa5 4. d4 Nf6 5. Bc4 c6 6. Nf3 Bg4 7. h3 Bxf3 8.
Qxf3 e6 9. O-O Be7 10. Bb3 O-O 11. Bd2 Qd8 12. Ne2 Nbd7 13. Rad1 Nb6 14. Ba5
Bd6 15. c4 Bc7 16. Ng3 Re8 17. Rfe1 Nbd7 18. Bd2 Bd6 19. Bc2 a5 20. Bg5 Be7 21.
Bf4 Nf8 22. Be5 Ng6 23. Qe2 a4 24. Rf1 Ra5 25. f4 Nd7 26. Ne4 Ndf8 27. c5 Qd7
28. g4 f6 29. Bd6 b6 30. b4 axb3 31. Bxb3 Kh8 32. Qf2 f5 33. Bxe7 Rxe7 34. Nd6
bxc5 35. dxc5 Qc7 36. Rfe1 h6 37. h4 fxg4 38. h5 e5 39. fxe5 g3 40. Qxg3 Rxc5
41. hxg6 Qa7 42. Kh1 Qa5 43. Rf1 Nd7 44. Nf7+ Rxf7 45. gxf7 Nf8 46. Rg1 1-0

[Event "Copenhagen Chess Challenge 2013"]
[Site "Ballerup"]
[Date "2013.??.??"]
[Round "1"]
[White "Pedersen, Sven"]
[Black "Bekker Jensen, Simon"]
[Result "0-1"]
[WhiteElo "2083"]
[BlackElo "2412"]
[PlyCount "134"]
[EventDate "2013.??.??"]
[EventType "swiss"]
[EventRounds "9"]
[EventCountry "DEN"]

1. e4 c5 2. Nf3 d6 3. d4 Nf6 4. Nc3 cxd4 5. Nxd4 a6 6. Be3 e5 7. Nb3 Be6 8. Qd2
Be7 9. f3 O-O 10. O-O-O Nbd7 11. g4 Qc7 12. g5 Nh5 13. Kb1 b5 14. f4 exf4 15.
Bxf4 Nxf4 16. Qxf4 Rac8 17. Nd4 Qc5 18. h4 Ne5 19. Bh3 Qc4 20. Qd2 Rfe8 21. Nf5
Bf8 22. Ne3 Qc5 23. Ncd5 a5 24. h5 Bxd5 25. Nxd5 Nc4 26. Qg2 Rcd8 27. h6 g6 28.
Qg1 Qxg1 29. Rhxg1 Re5 30. Nf6+ Kh8 31. Rd5 Be7 32. Rxe5 dxe5 33. Nd5 Bc5 34.
Rd1 Nb6 35. b3 Be7 36. Rd3 Nxd5 37. Rxd5 Rxd5 38. exd5 b4 39. c4 bxc3 40. Kc2
Bb4 41. a3 Bxa3 42. Kxc3 Kg8 43. Kc4 Kf8 44. Kb5 Bb4 45. Kc6 Ke7 46. Bg2 Kd8
47. d6 Bd2 48. Kd5 Bf4 49. Bf3 Bxg5 50. Kxe5 Kd7 51. Bg4+ f5 52. Be2 Bxh6 53.
Bb5+ Kd8 54. Bc4 Bg5 55. Bg8 Ke8 56. d7+ Kf8 57. Bc4 Bd8 58. Ke6 Kg7 59. Bd5 h5
60. Bf3 h4 61. Bg2 Kh6 62. Kf7 g5 63. Ke8 Bb6 64. d8=Q Bxd8 65. Kxd8 g4 66. Ke7
h3 67. Bf1 h2 0-1

[Event "Copenhagen Chess Challenge 2013"]
[Site "Ballerup"]
[Date "2013.??.??"]
[Round "1"]
[White "Bejtovic, Jasmin"]
[Black "Lepot, Simon"]
[Result "1-0"]
[WhiteElo "2406"]
[BlackElo "2075"]
[PlyCount "55"]
[EventDate "2013.??.??"]
[EventType "swiss"]
[EventRounds "9"]
[EventCountry "DEN"]

1. Nf3 Nf6 2. c4 g6 3. g3 Bg7 4. Bg2 O-O 5. Nc3 d6 6. O-O c6 7. d3 Qa5 8. h3 e5
9. Rb1 Nh5 10. b4 Qc7 11. d4 f5 12. dxe5 dxe5 13. e4 f4 14. g4 Nf6 15. Qb3 Kh8
16. c5 Qe7 17. Bb2 h5 18. g5 Ne8 19. Rfd1 Be6 20. Qc2 Nd7 21. Rd2 a5 22. a3
axb4 23. axb4 b6 24. Na4 bxc5 25. Nxc5 Nxc5 26. Qxc5 Qxc5 27. bxc5 Rb8 28. Nxe5
1-0

[Event "Copenhagen Chess Challenge 2013"]
[Site "Ballerup"]
[Date "2013.??.??"]
[Round "1"]
[White "Hagen, Andreas Skytte"]
[Black "Mihajlov, Sebastian"]
[Result "1-0"]
[WhiteElo "2400"]
[BlackElo "2063"]
[PlyCount "75"]
[EventDate "2013.??.??"]
[EventType "swiss"]
[EventRounds "9"]
[EventCountry "DEN"]

1. e4 e5 2. Nf3 Nc6 3. Bb5 a6 4. Ba4 Nf6 5. O-O b5 6. Bb3 Bb7 7. d3 Be7 8. a4
d6 9. Nc3 b4 10. Ne2 Na5 11. Ba2 O-O 12. Ng3 Bc8 13. d4 exd4 14. Nxd4 g6 15.
Bh6 Re8 16. h3 c5 17. Nf3 Bb7 18. Ng5 c4 19. Qf3 Bf8 20. Bxf8 Rxf8 21. Qf4 Qe7
22. Qh4 Rfe8 23. Rae1 Kg7 24. Re3 Qe5 25. c3 b3 26. Bb1 Bc8 27. Nf3 Qc5 28. e5
Nd5 29. Ne4 Qc7 30. Nf6 Rxe5 31. Nxe5 Nxf6 32. Rf3 Qe7 33. Ng4 Bxg4 34. hxg4
Qe6 35. g5 Nd7 36. Re3 Ne5 37. f4 Qg4 38. Qh6+ 1-0

[Event "Copenhagen Chess Challenge 2013"]
[Site "Ballerup"]
[Date "2013.??.??"]
[Round "1"]
[White "Poulsen, Iver"]
[Black "Fries Nielsen, Jens Ove"]
[Result "0-1"]
[WhiteElo "2057"]
[BlackElo "2373"]
[PlyCount "84"]
[EventDate "2013.??.??"]
[EventType "swiss"]
[EventRounds "9"]
[EventCountry "DEN"]

1. e4 d5 2. exd5 Qxd5 3. Nc3 Qd8 4. d4 a6 5. Nf3 Nf6 6. Bc4 b5 7. Bb3 e6 8. Bg5
Be7 9. Qe2 Bb7 10. Rd1 c6 11. O-O O-O 12. Rfe1 Nbd7 13. Ne5 Nxe5 14. dxe5 Nd5
15. Bxe7 Qxe7 16. Nxd5 cxd5 17. Rd4 b4 18. Qg4 a5 19. Ba4 Rac8 20. Bb5 Rxc2 21.
Bd3 f5 22. exf6 Qxf6 23. f3 Rc6 24. Bb1 g6 25. Rd2 Qf4 26. Qxf4 Rxf4 27. Kf2
Rfc4 28. Bd3 R4c5 29. f4 Kf7 30. h4 h5 31. Re5 Ba6 32. Bxa6 Rxa6 33. g4 hxg4
34. Kg3 Rac6 35. Kxg4 Rc2 36. Ree2 Rxd2 37. Rxd2 Kf6 38. Kf3 Rc1 39. Rg2 a4 40.
Rd2 Kf5 41. Rd4 Rc4 42. Rxc4 dxc4 0-1

[Event "Copenhagen Chess Challenge 2013"]
[Site "Ballerup"]
[Date "2013.??.??"]
[Round "1"]
[White "Jacobsen, Mads Holger Bang"]
[Black "Johansson, Linus"]
[Result "0-1"]
[WhiteElo "2050"]
[BlackElo "2348"]
[PlyCount "118"]
[EventDate "2013.??.??"]
[EventType "swiss"]
[EventRounds "9"]
[EventCountry "DEN"]

1. c4 c5 2. g3 g6 3. Bg2 Bg7 4. Nc3 Nc6 5. a3 e6 6. b4 d6 7. Rb1 Nge7 8. e3 O-O
9. Nge2 Nf5 10. O-O Qd7 11. Qa4 cxb4 12. axb4 Ne5 13. Qxd7 Bxd7 14. c5 d5 15.
e4 dxe4 16. Bxe4 Bc6 17. f4 Nd7 18. d3 Nd4 19. Be3 Nxe2+ 20. Nxe2 Nf6 21. Bxc6
bxc6 22. Bd4 Rfd8 23. b5 Rac8 24. bxc6 Rxc6 25. Rb7 Nd5 26. Bxg7 Kxg7 27. d4
Ra8 28. Rfb1 a5 29. Rd7 Rc7 30. Rxc7 Nxc7 31. Nc3 a4 32. Rb7 Nd5 33. Nxd5 exd5
34. Kf2 a3 35. Rb1 Kf6 36. Rb6+ Ke7 37. Rb1 Ke6 38. Rb6+ Kd7 39. Rb7+ Kc6 40.
Rb6+ Kc7 41. Rb1 a2 42. Ra1 Kc6 43. Ke2 Kb5 44. Kd3 Kb4 45. Kc2 Kc4 46. c6 Kxd4
47. c7 Rc8 48. Rxa2 Rxc7+ 49. Kd2 Ke4 50. Ra4+ d4 51. Ra5 f6 52. Ra6 f5 53.
Re6+ Kd5 54. Ra6 Rb7 55. Ra5+ Ke4 56. Ra2 Rb3 57. Kc2 Rf3 58. Kd1 Rf1+ 59. Kc2
Rf2+ 0-1

[Event "Copenhagen Chess Challenge 2013"]
[Site "Ballerup"]
[Date "2013.??.??"]
[Round "1"]
[White "Ochsner, Bjorn Moller"]
[Black "Skovgaard, Ib"]
[Result "1-0"]
[WhiteElo "2347"]
[BlackElo "2028"]
[PlyCount "65"]
[EventDate "2013.??.??"]
[EventType "swiss"]
[EventRounds "9"]
[EventCountry "DEN"]

1. e4 Nf6 2. e5 Nd5 3. d4 d6 4. c4 Nb6 5. exd6 cxd6 6. Nc3 g6 7. Be3 Bg7 8. Rc1
O-O 9. Nf3 Nc6 10. Be2 Bg4 11. b3 d5 12. c5 Nc8 13. O-O e6 14. b4 a6 15. h3
Bxf3 16. Bxf3 N8e7 17. Qd2 Nf5 18. Ne2 Nh4 19. Bg5 Nxf3+ 20. gxf3 Qd7 21. Kg2
Rfe8 22. a4 e5 23. dxe5 Rxe5 24. Ng3 Nd4 25. Rcd1 Rae8 26. Bf4 Nf5 27. Qd3 Nh4+
28. Kh2 d4 29. Bxe5 Rxe5 30. Rfe1 Qd5 31. Re4 f5 32. Rxh4 Bf6 33. Rxd4 1-0

[Event "Copenhagen Chess Challenge 2013"]
[Site "Ballerup"]
[Date "2013.??.??"]
[Round "1"]
[White "Nielsen, Brian"]
[Black "Sylvan, Jacob"]
[Result "0-1"]
[WhiteElo "2022"]
[BlackElo "2341"]
[PlyCount "74"]
[EventDate "2013.??.??"]
[EventType "swiss"]
[EventRounds "9"]
[EventCountry "DEN"]

1. d4 d5 2. c4 e6 3. Nf3 c6 4. e3 Nf6 5. b3 Nbd7 6. Bd3 Ne4 7. O-O f5 8. Nfd2
Bd6 9. Qh5+ g6 10. Qh6 Bf8 11. Qh3 Qf6 12. f3 Ng5 13. Qg3 Nf7 14. Bb2 Bd6 15.
Qe1 O-O 16. e4 e5 17. cxd5 exd4 18. Nc4 Bc7 19. Nbd2 c5 20. f4 fxe4 21. Nxe4
Qe7 22. Qd2 b5 23. d6 Nxd6 24. Ncxd6 Bxd6 25. Rae1 Nf6 26. Nxc5 Qd8 27. Ne6
Bxe6 28. Rxe6 Qd7 29. Rfe1 Bc5 30. b4 Bb6 31. f5 Rae8 32. Rxe8 Rxe8 33. fxg6
hxg6 34. Rxe8+ Qxe8 35. Qf2 Ng4 36. Qg3 Ne5 37. Bc2 d3+ 0-1

[Event "Copenhagen Chess Challenge 2013"]
[Site "Ballerup"]
[Date "2013.??.??"]
[Round "1"]
[White "Westerinen, Heikki"]
[Black "Johansen, Johnny Holler"]
[Result "1/2-1/2"]
[WhiteElo "2335"]
[BlackElo "2016"]
[PlyCount "130"]
[EventDate "2013.??.??"]
[EventType "swiss"]
[EventRounds "9"]
[EventCountry "DEN"]

1. e4 c5 2. Nf3 d6 3. c3 Nf6 4. h3 Nc6 5. Bd3 g6 6. O-O Bg7 7. Bc2 O-O 8. d4
cxd4 9. cxd4 Nb4 10. Bb3 d5 11. e5 Ne4 12. Nc3 Nxc3 13. bxc3 Nc6 14. a4 b6 15.
Qe2 Na5 16. Ba2 Bb7 17. e6 f6 18. h4 Qc8 19. Re1 Ba6 20. Qe3 Bc4 21. Bb1 Nb3
22. Ra3 Nxc1 23. Qxc1 Qe8 24. Qc2 Rc8 25. h5 f5 26. hxg6 hxg6 27. Ba2 Rf6 28.
Bxc4 Rxc4 29. Qd2 Rc6 30. Raa1 Rcxe6 31. Ne5 Rf8 32. a5 Bxe5 33. dxe5 Qb5 34.
axb6 axb6 35. Ra7 Qc5 36. Re3 f4 37. Re1 b5 38. Rd7 Rc6 39. Rxd5 Qxc3 40. Qxc3
Rxc3 41. Rxb5 Rfc8 42. Rb7 Rc1 43. Kf1 Rxe1+ 44. Kxe1 Kf7 45. Ke2 Rc5 46. Kf3
g5 47. Ke4 Rc2 48. Kf5 Rxf2 49. e6+ Kg7 50. Rxe7+ Kf8 51. Ra7 f3 52. gxf3 Rxf3+
53. Kxg5 Ke8 54. Kg6 Rf1 55. Kg7 Rg1+ 56. Kf6 Rf1+ 57. Ke5 Re1+ 58. Kd5 Rd1+
59. Kc4 Re1 60. Ra6 Ke7 61. Kd5 Rd1+ 62. Ke5 Re1+ 63. Kf5 Rf1+ 64. Kg5 Rg1+ 65.
Kf4 Rf1+ 1/2-1/2

[Event "Copenhagen Chess Challenge 2013"]
[Site "Ballerup"]
[Date "2013.??.??"]
[Round "1"]
[White "Vesterli, Michael E"]
[Black "Aabling Thomsen, Jakob"]
[Result "1/2-1/2"]
[WhiteElo "2015"]
[BlackElo "2320"]
[PlyCount "135"]
[EventDate "2013.??.??"]
[EventType "swiss"]
[EventRounds "9"]
[EventCountry "DEN"]

1. d4 Nf6 2. c4 g6 3. Nc3 d5 4. Nf3 Bg7 5. cxd5 Nxd5 6. e4 Nxc3 7. bxc3 O-O 8.
Be2 c5 9. Rb1 b6 10. O-O Bb7 11. Qc2 cxd4 12. cxd4 e6 13. Ba3 Re8 14. Bb5 Qc8
15. Qa4 Bc6 16. Rfc1 Bxb5 17. Qxb5 Qd7 18. e5 Qxb5 19. Rxb5 Na6 20. Rb3 Rec8
21. Rbc3 Rxc3 22. Rxc3 Bf8 23. Bxf8 Kxf8 24. Ng5 h6 25. Ne4 Nb4 26. Rc7 Nxa2
27. Nd6 Nb4 28. Rxf7+ Kg8 29. Rf6 Kg7 30. Rxe6 a5 31. Nb5 a4 32. Na3 Rc8 33. g3
Rc1+ 34. Kg2 Nd5 35. Rd6 Ra1 36. Nb5 Nb4 37. Rxb6 Nd3 38. Rb7+ Kf8 39. e6 Re1
40. d5 g5 41. d6 Rxe6 42. d7 Ke7 43. Nd4 Rf6 44. Rc7 Ne5 45. Ra7 Nxd7 46. Rxa4
Ne5 47. Ra7+ Kf8 48. Ra5 Nf7 49. Nf5 Kg8 50. g4 Re6 51. Rd5 Kh7 52. Kg3 Kg6 53.
h4 gxh4+ 54. Nxh4+ Kf6 55. f4 Re3+ 56. Nf3 Ra3 57. Rb5 Nd6 58. Rb6 Ke7 59. f5
Nf7 60. Re6+ Kd7 61. Kf4 Rxf3+ 62. Kxf3 Ng5+ 63. Kg3 Nxe6 64. fxe6+ Kxe6 65.
Kh4 Kf6 66. Kh5 Kg7 67. g5 hxg5 68. Kxg5 1/2-1/2

[Event "Copenhagen Chess Challenge 2013"]
[Site "Ballerup"]
[Date "2013.??.??"]
[Round "1"]
[White "Jacobsen, Bo"]
[Black "Ulrich, Thomas"]
[Result "1-0"]
[WhiteElo "2310"]
[BlackElo "2005"]
[PlyCount "87"]
[EventDate "2013.??.??"]
[EventType "swiss"]
[EventRounds "9"]
[EventCountry "DEN"]

1. c4 Nf6 2. g3 e6 3. Bg2 d5 4. Nf3 dxc4 5. O-O a6 6. a4 Be7 7. Qc2 Nc6 8. Na3
O-O 9. Nxc4 Nd5 10. Rd1 Ndb4 11. Qb3 Nd4 12. Nxd4 Qxd4 13. d3 Nd5 14. e4 Nb4
15. Be3 Qd8 16. a5 Nc6 17. d4 Na7 18. Rac1 Nb5 19. h4 Qe8 20. Bf4 f6 21. e5
fxe5 22. Bxe5 Qf7 23. f4 Bf6 24. Na3 Bxe5 25. dxe5 c6 26. Nc4 Bd7 27. Nd6 Nxd6
28. Rxd6 Bc8 29. Bh3 Re8 30. Rcd1 g6 31. Qb6 Kg7 32. b4 Kh6 33. Rd8 Re7 34.
R1d6 Kg7 35. Kh2 h6 36. Qe3 Re8 37. Rxe8 Qxe8 38. Qb3 Kf7 39. h5 g5 40. fxg5
hxg5 41. Qf3+ Kg8 42. Qf6 Qxh5 43. Rd8+ Kh7 44. Rh8# 1-0

[Event "Copenhagen Chess Challenge 2013"]
[Site "Ballerup"]
[Date "2013.??.??"]
[Round "1"]
[White "Karlsson, Ulf"]
[Black "Lovik, Lasse Ostebo"]
[Result "1/2-1/2"]
[WhiteElo "2004"]
[BlackElo "2310"]
[PlyCount "130"]
[EventDate "2013.??.??"]
[EventType "swiss"]
[EventRounds "9"]
[EventCountry "DEN"]

1. e4 c5 2. Nc3 a6 3. g3 b5 4. d3 Bb7 5. Bg2 e6 6. f4 d5 7. Qe2 Be7 8. Nd1 Nc6
9. c3 Nf6 10. Nf3 Qc7 11. O-O O-O 12. Nf2 c4 13. d4 dxe4 14. Ng5 Rfd8 15. Ngxe4
Nb8 16. Nxf6+ Bxf6 17. Ne4 Nd7 18. Bd2 Rab8 19. Be1 g6 20. g4 Be7 21. f5 Qb6
22. fxg6 hxg6 23. Bf2 Bxe4 24. Qxe4 Nf6 25. Qf3 Rf8 26. d5 Qd6 27. Bg3 Qc5+ 28.
Kh1 Rbd8 29. dxe6 Rd3 30. exf7+ Kg7 31. Qf4 Nd7 32. Bf2 Qd6 33. Bd4+ Kh7 34.
Qxd6 Bxd6 35. Rae1 Rd2 36. Rf3 g5 37. Rh3+ Kg6 38. Be4+ Kxf7 39. Bd5+ Kg6 40.
Be4+ Kf7 41. Bd5+ Kg6 42. Re6+ Rf6 43. Bxf6 Nxf6 44. Rxd6 Kg7 45. Rxa6 Nxd5 46.
Rh5 Rd1+ 47. Kg2 Nf4+ 48. Kg3 Rd3+ 49. Kf2 Nxh5 50. gxh5 Rd2+ 51. Kg3 Rxb2 52.
Rg6+ Kh7 53. Rxg5 Kh6 54. h4 Rxa2 55. Rxb5 Rc2 56. Rc5 Rxc3+ 57. Kg4 Rc1 58.
Rc6+ Kh7 59. Kf3 c3 60. Ke3 Re1+ 61. Kd3 Rh1 62. Rxc3 Rxh4 63. Rc5 Kh6 64. Ke3
Rxh5 65. Rxh5+ Kxh5 1/2-1/2

[Event "Copenhagen Chess Challenge 2013"]
[Site "Ballerup"]
[Date "2013.??.??"]
[Round "1"]
[White "Bekker Jensen, David"]
[Black "Hansen, Rasmus Agertoft"]
[Result "1-0"]
[WhiteElo "2292"]
[BlackElo "1981"]
[PlyCount "55"]
[EventDate "2013.??.??"]
[EventType "swiss"]
[EventRounds "9"]
[EventCountry "DEN"]

1. d4 f5 2. g3 Nf6 3. Bg2 g6 4. c3 Bg7 5. Qb3 d5 6. Nh3 a5 7. a4 Ra6 8. Nf4 Rb6
9. Qc2 c6 10. Nd2 Kf7 11. h4 Ng4 12. Nf3 h6 13. Bh3 Qd6 14. Bxg4 fxg4 15. Ne5+
Bxe5 16. dxe5 Qxe5 17. Nxg6 Qf6 18. Nxh8+ Qxh8 19. Be3 Ra6 20. Qd2 h5 21. O-O
Nd7 22. f3 Nf6 23. fxg4 Bxg4 24. Bd4 Qb8 25. Kh2 Ke6 26. Qh6 c5 27. Bxf6 Kd7
28. Qg7 1-0

[Event "Copenhagen Chess Challenge 2013"]
[Site "Ballerup"]
[Date "2013.??.??"]
[Round "1"]
[White "Olsen, Michael Richard W"]
[Black "Matthiesen, Martin"]
[Result "0-1"]
[WhiteElo "1977"]
[BlackElo "2284"]
[PlyCount "60"]
[EventDate "2013.??.??"]
[EventType "swiss"]
[EventRounds "9"]
[EventCountry "DEN"]

1. e4 c5 2. Nf3 d6 3. c4 e5 4. d3 Nc6 5. Nc3 Nge7 6. h3 g6 7. Bg5 Bg7 8. Nd5 h6
9. Bxe7 Nxe7 10. Nxe7 Qxe7 11. Nd2 f5 12. Nb1 O-O 13. Nc3 Be6 14. Qe2 f4 15. f3
Bf6 16. O-O-O Bh4 17. Rd2 Qd7 18. Qd1 a6 19. Kc2 b5 20. b3 Rfb8 21. Qc1 Kh7 22.
Kd1 Qb7 23. Rc2 Rc8 24. Rg1 Bd7 25. Ke2 b4 26. Nb1 Bg3 27. a4 bxa3 28. Qxa3 a5
29. Nc3 Rcb8 30. Nd5 Bc6 0-1

[Event "Copenhagen Chess Challenge 2013"]
[Site "Ballerup"]
[Date "2013.??.??"]
[Round "1"]
[White "Karlsson, Robin"]
[Black "Lindgren, Philip"]
[Result "0-1"]
[WhiteElo "1947"]
[BlackElo "2260"]
[PlyCount "50"]
[EventDate "2013.??.??"]
[EventType "swiss"]
[EventRounds "9"]
[EventCountry "DEN"]

1. d4 d5 2. c4 c6 3. Nf3 Nf6 4. Nc3 e6 5. Bg5 h6 6. Bh4 dxc4 7. e4 g5 8. Bg3 b5
9. a3 Bb7 10. e5 Nd5 11. Ne4 Nd7 12. Be2 Qa5+ 13. Nfd2 Qb6 14. Bh5 c5 15. Qf3
Rh7 16. dxc5 Nxc5 17. O-O O-O-O 18. a4 Nb4 19. a5 Qc6 20. a6 Nbxa6 21. b4 Nxb4
22. Bxf7 Nxe4 23. Nxe4 Qxe4 24. Bxe6+ Kb8 25. Rad1 Nd3 0-1

[Event "Copenhagen Chess Challenge 2013"]
[Site "Ballerup"]
[Date "2013.??.??"]
[Round "1"]
[White "Andersen, Daniel"]
[Black "Pedersen, Daniel V"]
[Result "0-1"]
[WhiteElo "1935"]
[BlackElo "2250"]
[PlyCount "98"]
[EventDate "2013.??.??"]
[EventType "swiss"]
[EventRounds "9"]
[EventCountry "DEN"]

1. c4 Nf6 2. Nc3 e5 3. Nf3 Nc6 4. e4 Bb4 5. d3 d6 6. h3 a6 7. Bd2 Bc5 8. Be2
Nd4 9. Nd5 c6 10. Ne3 b5 11. cxb5 cxb5 12. Nxd4 Bxd4 13. Bc3 Bxc3+ 14. bxc3 Be6
15. O-O Rc8 16. Qd2 Qa5 17. Rfc1 O-O 18. Qb2 Rc5 19. Rc2 Rfc8 20. Rac1 g6 21.
Bf3 Qa4 22. Bd1 d5 23. exd5 Nxd5 24. c4 Nf4 25. Rc3 Qa5 26. Be2 Qc7 27. Bf1 Kg7
28. a3 Qd6 29. cxb5 Rxb5 30. Qa1 Rxc3 31. Rxc3 Qb6 32. Rc1 Rb2 33. Rc2 Nxd3 34.
Rxb2 Nxb2 35. Bxa6 Qxa6 36. Qxb2 Qd6 37. a4 Qd4 38. Qb5 Bd7 39. Qb8 Bxa4 40.
Ng4 f6 41. Qc7+ Qd7 42. Qc4 Bc6 43. Ne3 Qd6 44. Qa6 Qd7 45. Qb6 Bb7 46. Qb4 Ba8
47. Qb8 Bb7 48. Qa7 Qc6 49. Nc4 Qxg2# 0-1

[Event "Copenhagen Chess Challenge 2013"]
[Site "Ballerup"]
[Date "2013.??.??"]
[Round "1"]
[White "Kenneskog, Theodor"]
[Black "Andreassen, Mikkel"]
[Result "1/2-1/2"]
[WhiteElo "2234"]
[BlackElo "1928"]
[PlyCount "55"]
[EventDate "2013.??.??"]
[EventType "swiss"]
[EventRounds "9"]
[EventCountry "DEN"]

1. e4 e5 2. Nf3 Nc6 3. Bb5 a6 4. Ba4 Nf6 5. O-O b5 6. Bb3 Bc5 7. a4 Rb8 8. c3
d6 9. d4 Bb6 10. axb5 axb5 11. Na3 O-O 12. Nxb5 Bg4 13. Qd3 Bxf3 14. gxf3 Nh5
15. Kh1 Qf6 16. Rg1 exd4 17. Bg5 Ne5 18. Qc2 Qxf3+ 19. Rg2 d3 20. Qd1 Qh3 21.
Nd4 c5 22. Nf5 c4 23. Bxc4 Nxc4 24. Nxg7 Kxg7 25. Be7+ Kh6 26. Bg5+ Kg7 27.
Be7+ Kh6 28. Bg5+ 1/2-1/2

[Event "Copenhagen Chess Challenge 2013"]
[Site "Ballerup"]
[Date "2013.??.??"]
[Round "1"]
[White "Nielsen, Thomas (1975)"]
[Black "Hove, Esben Kjems"]
[Result "0-1"]
[WhiteElo "1886"]
[BlackElo "2233"]
[PlyCount "66"]
[EventDate "2013.??.??"]
[EventType "swiss"]
[EventRounds "9"]
[EventCountry "DEN"]

1. d4 d5 2. c4 e6 3. Nc3 Nf6 4. Nf3 c6 5. Qc2 Nbd7 6. e4 dxe4 7. Nxe4 Nxe4 8.
Qxe4 Bb4+ 9. Bd2 Bxd2+ 10. Nxd2 O-O 11. O-O-O c5 12. Nf3 cxd4 13. Rxd4 Qa5 14.
Bd3 g6 15. Qh4 Kg7 16. Rd1 Ne5 17. Ng5 h6 18. Ne4 g5 19. Qg3 Ng6 20. Bb1 Nf4
21. Qf3 e5 22. Rd6 Be6 23. g3 g4 24. Qe3 Ng6 25. Rxe6 fxe6 26. Rd7+ Rf7 27.
Rxf7+ Kxf7 28. Nd6+ Ke7 29. Nxb7 Qb4 30. Bxg6 Rc8 31. Qa3 Rxc4+ 32. Kb1 Kf6 33.
Qxb4 Rxb4 0-1

[Event "Copenhagen Chess Challenge 2013"]
[Site "Ballerup"]
[Date "2013.??.??"]
[Round "1"]
[White "Schou Moldt, Thomas"]
[Black "Undheim, Bjarne"]
[Result "1-0"]
[WhiteElo "2220"]
[BlackElo "1836"]
[PlyCount "99"]
[EventDate "2013.??.??"]
[EventType "swiss"]
[EventRounds "9"]
[EventCountry "DEN"]

1. c4 Nc6 2. Nc3 Nf6 3. g3 e5 4. Bg2 d6 5. d3 Be7 6. a3 Be6 7. Nd5 O-O 8. e3
Qd7 9. h3 Rfe8 10. Ne2 Bf8 11. Nec3 Bxd5 12. cxd5 Ne7 13. O-O h6 14. e4 Ng6 15.
Be3 Nh7 16. Kh2 Be7 17. Rc1 Bg5 18. h4 Bxe3 19. fxe3 c5 20. Bh3 Qc7 21. Rc2 Re7
22. Rcf2 Nh8 23. Nb5 Qb6 24. a4 a6 25. Na3 Qc7 26. Qd2 Rb8 27. a5 b5 28. axb6
Rxb6 29. Nc4 Rb4 30. Ra1 Nf6 31. Na5 Rb6 32. Qc2 Rb5 33. Nc6 Re8 34. Rxa6 Qb7
35. Ra7 Qb6 36. Ra2 c4 37. dxc4 Rb3 38. c5 dxc5 39. Na5 Rb4 40. Nc4 Qb8 41. Ra5
Qc7 42. Ra6 Rd8 43. Rf1 Qb7 44. Ra5 Rb5 45. Rxb5 Qxb5 46. Nxe5 Re8 47. Rxf6
Rxe5 48. Rc6 Qb4 49. Rc8+ Kh7 50. d6 1-0